[Event "Perth op"]
[Site "Perth"]
[Date "2023.01.04"]
[Round "4"]
[White "Yeung, Evan"]
[Black "Manganas, Alexander"]
[Result "1/2-1/2"]
[WhiteElo "1608"]
[BlackElo "1155"]
[PlyCount "165"]
[EventDate "2023.01.02"]
[EventType "swiss"]
[EventRounds "11"]
[EventCountry "AUS"]
[SourceTitle "CBM 212 Extra"]
[Source "ChessBase"]
[SourceDate "2023.03.31"]
[SourceVersion "1"]
[SourceVersionDate "2023.03.31"]
[SourceQuality "1"]

1. e4 e5 2. Nf3 Nc6 3. Bc4 Bc5 4. c3 Nf6 5. d3 0-0 6. 0-0 d6 7. a4 a5 8. Be3 Ba7 9. Re1 Be6 10. Nbd2 Bxe3 11. fxe3 d5 12. exd5 Bxd5 13. e4 Bxc4 14. Nxc4 Qe7 15. Kh1 Qc5 16. Ncxe5 Nxe5 17. d4 Qb6 18. Nxe5 Qxb2 19. Qf3 b6 20. Nc4 Qb3 21. Qd3 b5 22. axb5 Qxb5 23. Reb1 Nxe4 24. Rxb5 Nf2+ 25. Kg1 Nxd3 26. Rbxa5 Rxa5 27. Rxa5 Rb8 28. Ra1 f6 29. Rd1 Nf4 30. g3 Ne2+ 31. Kf2 Nxc3 32. Rc1 Ne4+ 33. Kf3 Ng5+ 34. Kf2 Ne6 35. d5 Nc5 36. Ke3 Rd8 37. d6 cxd6 38. Nxd6 Nd3 39. Kxd3 Rxd6+ 40. Ke3 Kf7 41. Rc7+ Kg6 42. Rc4 Rd5 43. Rg4+ Rg5 44. Rc4 Rf5 45. Ke2 Rh5 46. h4 Rf5 47. Rg4+ Kh6 48. Rc4 g6 49. Rd4 Re5+ 50. Kf2 Kh5 51. Kf3 f5 52. Rd7 h6 53. Rf7 Ra5 54. Rf8 Ra3+ 55. Kf4 Ra1 56. Rh8 Rf1+ 57. Ke3 Rg1 58. Kf2 Ra1 59. Kf3 Ra3+ 60. Kf4 Ra4+ 61. Kf3 Rg4 62. Rf8 Rb4 63. Rh8 Rb1 64. Rh7 Rb6 65. Kf4 g5+ 66. hxg5 Rb4+ 67. Kxf5 Rb5+ 68. Kf4 Rxg5 69. Kf3 Rg6 70. Rf7 Kg5 71. Rf4 h5 72. Kg2 Rd6 73. Rc4 Rd3 74. Rb4 Rd2+ 75. Kf3 Rd1 76. Kf2 Rh1 77. Kg2 Ra1 78. Kf3 Ra3+ 79. Kg2 Rd3 80. Ra4 Rd2+ 81. Kf3 Rd5 82. Kg2 Rf5 83. Rb4 1/2-1/2